00717nam a2200157Ia 4500008004100000020001800041082001600059245014600075260002800221300001000249500003300259650002300292700013400315952009300449999001700542120629s9999 xx 000 0 und d a950-12-3194-1 a613.8 K14a aAdicciones : aportes para la clínica y la terapéutica / Eduardo Kalina; Guillermo Dorado, Roberto Fernández Labriola, Pablo Miguel Roig aBuenos Aires : Paidós a154 p aReferencias bibliográficas a1. ABUSO DE DROGAS aKalina, Eduardo ; colab. \ Dorado, Guillermo ; colab. \ Fernández Labriola, Roberto ; colab. \ Roig, Pablo Miguel ; colab.Ì 00104070a15b15d2007-03-21l0o613.8 K14Ap15 002088r2017-12-07t1w2012-06-28yLB c75638d75638